| 000 | 00858nam a2200253 a 4500 | ||
|---|---|---|---|
| 008 | |||
| 020 | _a012164135X (cased) | ||
| 049 | _aMAIN | ||
| 090 |
_aQD906.7.E4 _bCOM |
||
| 245 | 0 | 0 |
_aComputer modelling in inorganic crystallography / _cedited by C.R.A. Catlow. |
| 260 |
_aSan Diego : _bAcademic Press, _cc1997. |
||
| 300 |
_aviii, 340 p., [8] p. of plates : _bill. (some col.) ; _c24 cm. |
||
| 504 | _aIncludes bibliographical references. | ||
| 500 | _aIncludes index. | ||
| 650 | 0 |
_aCrystallography _xComputer simulation. |
|
| 650 | 0 |
_aInorganic compounds _xComputer simulation. |
|
| 650 | 0 |
_aMolecular structure _xComputer simulation. |
|
| 700 | 1 | _aCatlow, C.R.A. | |
| 907 |
_a.b10000823 _b20-03-12 _c17-04-03 |
||
| 003 | |||
| 005 | 20230123133109.0 | ||
| 040 | _cNUST | ||
| 942 |
_cBOOKS _kQD906.7.E4 _mCOM |
||
| 999 |
_c142686 _d142686 |
||